ბათუმის შოთა რუსთაველის სახელმწიფო უნივერსიტეტის ბიბლიოთეკა

საბჭოთა ხალხის კეთილდღეობის ზრდა შვიდწლედში: (ბიბ.ჩანაწერი № 63601)

000 -ლიდერი
ფიქსირებული სიგრძის საკონტროლო ველი 01025nam a22002057a 4500
003 - საკონტროლო ნომრის იდენტიფიკატორი
საკონტროლო ველი Ge_BSU
005 - ბოლო ოპერაციის თარიღი და დრო
საკონტროლო ველი 20251113144054.0
008 - ფიქსირებული სიგრძის მონაცემთა ელემენტები - ზოგადი ინფორმაცია
ფიქსირებული სიგრძის საკონტროლო ველი 251113s1960 ge ||||| |||| 00| 0 geo d
041 ## - ენის კოდი
Language code of text/sound track or separate title geo
080 ## - უნივერსალური ათობითი კლასიფიკაციის ინდექსი
Universal Decimal Classification number 908(47+57) : 330.12(47+57) ყ-92
100 ## - მთავარი ჩანაწერი - პიროვნების სახელი
Personal name ყურაშვილი, ვ.
9 (RLIN) 26215
245 ## - ცნობა სათაურის შესახებ
Title საბჭოთა ხალხის კეთილდღეობის ზრდა შვიდწლედში:
Remainder of title 1959-1965 წ.წ. /
Statement of responsibility, etc ვ. ყურაშვილი, გ. მოზაიძე.
264 ## - წარმოების, გამოცემის, დისტრიბუციის და სხვა ცნობები
გამოცემის, წარმოების, დისტრიბუციის... ადგილი თბ. :
გამოცემის, წარმოების, დისტრიბუციის... სახელწოდება საბჭ. საქართველო,
გამოცემის, წარმოების, დისტრიბუციის... თარიღი 1960.
300 ## - ფიზიკური აღწერა
Extent 114 გვ. :
Other physical details ცხრილ. ;
Dimensions 20 სმ.
504 ## - BIBLIOGRAPHY, ETC. NOTE
Bibliography, etc ბიბლიოგრ. შენიშვნებში.
653 ## - INDEX TERM--UNCONTROLLED
Uncontrolled term საბჭოთა ხალხის კეთილდღეობა
653 ## - INDEX TERM--UNCONTROLLED
Uncontrolled term სსრკ კომუნისტური მშენებლობა
700 ## - ADDED ENTRY--PERSONAL NAME
Personal name მოზაიძე, გ.
Relator term ავტორი
9 (RLIN) 26216
942 ## - ADDED ENTRY ELEMENTS (KOHA)
Source of classification or shelving scheme
Koha item type წიგნი
ეგზემპლარები
ჩამოწერის სტატუსი დაკარგული ეგზემპლარის სტატუსი კლასიფიკაციის წყარო ან თაროზე გაწყობის სქემა დაზიანების სტატუსი არ გაიცემა მუდმივი მდებარეობა (დაცვის ადგილი) ამჟამინდელი ადგილსამყოფელი თაროზე განთავსების ადგილი შეძენის თარიღი ღირებულება, შესყიდვის ნორმალური ფასი სრული შენახვის შიფრი შტრიხკოდი ბოლო ოპერაციის თარიღი ეგზემპლარის მიმდევრობითი ნომერი (კეტერი?) ფასის ძალაში შესვლის თარიღი ეგზემპლარის სახეობა საჯარო შენიშვნა
          ბათუმის შოთა რუსთაველის სახელმწიფო უნივერსიტეტის მთავარი ბიბლიოთეკა ბათუმის შოთა რუსთაველის სახელმწიფო უნივერსიტეტის მთავარი ბიბლიოთეკა წიგნსაცავი 2025-11-13 0.30 908(47+57) : 330.12(47+57) ყ-92 73069 2025-11-13 73069 2025-11-13 წიგნი 0.30 თ.